000 01411cam a2200325 a 4500
001 15212005
003 ARRUPE
005 20170207162626.0
008 080310s2002 ke a 100 0 eng c
010 _a 2008349242
020 _a9966990526
020 _a9789966990525
035 _a(OCoLC)ocm60347180
040 _aCSt
_cSTF
_dDLC
042 _apcc
_alcode
043 _af------
050 0 0 _aJZ5584.A35
_bA317 2002
111 2 _aAction-Reflection Seminar
_n(2nd :
_d2001 :
_cNaivasha, Kenya)
_928600
245 1 0 _aStrategic and responsive evaluation of peacebuilding :
_btowards a learning model : report of the Second Action-Reflection Seminar convened by NPI-Africa and the NCCK-CPBD Project : Naivasha, Kenya, March 2001.
_cCommunity peace building and development project
260 _aNairobi :
_bNPI-Africa ;
_aEldoret :
_bNCCK,
_cc2002.
300 _a32 p. :
_bill. ;
_c25 cm.
650 0 _aPeace-building
_zAfrica
_xEvaluation
_vCongresses.
_928601
650 0 _aConflict management
_zAfrica
_vCongresses.
_928602
650 0 _aEthnic conflict
_zKenya
_vCongresses.
_928603
710 2 _aNairobi Peace Initiative-Africa.
_928604
710 2 _aCommunity Peace and Development Project (National Council of Churches of Kenya)
_928605
906 _a7
_bcbc
_cpccadap
_d3
_encip
_f20
_gy-gencatlg
942 _2lcc
_cMONOGRAPH
999 _c126049
_d126049